Detalles MARC
| 000 -CABECERA |
| campo de control de longitud fija |
02053nam a2200397 i 4500 |
| 001 - NÚMERO DE CONTROL |
| campo de control |
000038288 |
| 003 - IDENTIFICADOR DEL NÚMERO DE CONTROL |
| campo de control |
DO-SdBNP |
| 005 - FECHA Y HORA DE LA ÚLTIMA TRANSACCIÓN |
| campo de control |
20250621074008.0 |
| 008 - DATOS DE LONGITUD FIJA--INFORMACIÓN GENERAL |
| campo de control de longitud fija |
130408s1992 dr 001 0 spa d |
| 020 ## - NÚMERO INTERNACIONAL ESTÁNDAR DEL LIBRO |
| Número Internacional Estándar del Libro |
8460086143 |
| 040 ## - FUENTE DE LA CATALOGACIÓN |
| Centro catalogador/agencia de origen |
DO-SdBNP |
| Lengua de catalogación |
spa |
| Centro/agencia transcriptor |
BNPHU |
| Normas de descripción |
rda |
| 082 #4 - NÚMERO DE LA CLASIFICACIÓN DECIMAL DEWEY |
| Número de clasificación |
325.27294097293 |
| Número de documento/Ítem |
C965h |
| Número de edición |
22 |
| 245 03 - MENCIÓN DE TÍTULO |
| Título |
La cuestión haitiana en Santo Domingo : |
| Resto del título |
migración internacional, desarrollo y relaciones inter-estatales entre Haití y República Dominicana / |
| Mención de responsabilidad, etc. |
editor, Wilfredo Lozano ; traducción, Rosa Ines Bueno y Leyda Margarita Piña. |
| 264 ## - PRODUCCIÓN, PUBLICACIÓN, DISTRIBUCIÓN, FABRICACIÓN Y COPYRIGHT |
| Producción, publicación, distribución, fabricación y copyright |
Santo Domingo : |
| Nombre del de productor, editor, distribuidor, fabricante |
FLACSO, |
| Fecha de producción, publicación, distribución, fabricación o copyright |
1992. |
| 300 ## - DESCRIPCIÓN FÍSICA |
| Extensión |
293 páginas ; |
| Dimensiones |
23 cm. |
| 336 ## - TIPO DE CONTENIDO |
| Fuente |
rdacontent |
| Término de tipo de contenido |
texto |
| Código de tipo de contenido |
txt |
| 337 ## - TIPO DE MEDIO |
| Fuente |
rdamedia |
| Nombre/término del tipo de medio |
sin mediación |
| Código del tipo de medio |
n |
| 338 ## - TIPO DE SOPORTE |
| Fuente |
rdacarrier |
| Nombre/término del tipo de soporte |
volumen |
| Código del tipo de soporte |
nc |
| 500 ## - NOTA GENERAL |
| Nota general |
Incluye las ponencias presentadas en el "Coloquio Internacioanl sobre la cuestión haitiana en República Dominicana", celebrado en Santo Domingo del 2-4 de diciembre de 2001. |
| 500 ## - NOTA GENERAL |
| Nota general |
Incluye referencias bibliográficas y notas al final de los capítulos. |
| 505 0# - NOTA DE CONTENIDO CON FORMATO |
| Nota de contenido con formato |
Presentación -- |
| Título |
Nación, frontera y migraciones internacionales -- |
| -- |
Relaciones jurídicas, prejuicio e inmigración -- |
| -- |
Política migratoria y relaciones inter-estatales. |
| 590 ## - NOTA LOCAL (RLIN) |
| Nota local |
Inventariado, 2018/BT |
| 650 #4 - PUNTO DE ACCESO ADICIONAL DE MATERIA--TÉRMINO DE MATERIA |
| Término de materia o nombre geográfico como elemento de entrada |
Haitianos en República Dominicana |
| 9 (RLIN) |
2246 |
| 651 #4 - PUNTO DE ACCESO ADICIONAL DE MATERIA--NOMBRE GEOGRÁFICO |
| Nombre geográfico |
Haití - |
| Subdivisión general |
Emigración e inmigración |
| 9 (RLIN) |
1425 |
| 651 #4 - PUNTO DE ACCESO ADICIONAL DE MATERIA--NOMBRE GEOGRÁFICO |
| Nombre geográfico |
Haití - |
| Subdivisión general |
Emigración e inmigración |
| 9 (RLIN) |
1425 |
| 651 #4 - PUNTO DE ACCESO ADICIONAL DE MATERIA--NOMBRE GEOGRÁFICO |
| Nombre geográfico |
República Dominicana - |
| Subdivisión general |
Relaciones exteriores - |
| Subdivisión geográfica |
Haití |
| 9 (RLIN) |
2233 |
| 651 #4 - PUNTO DE ACCESO ADICIONAL DE MATERIA--NOMBRE GEOGRÁFICO |
| Nombre geográfico |
República Dominicana - |
| Subdivisión general |
Relaciones exteriores - |
| Subdivisión geográfica |
Haití |
| 9 (RLIN) |
2233 |
| 651 #4 - PUNTO DE ACCESO ADICIONAL DE MATERIA--NOMBRE GEOGRÁFICO |
| Nombre geográfico |
Haití - |
| Subdivisión general |
Relaciones exteriores - |
| Subdivisión geográfica |
República Dominicana |
| 9 (RLIN) |
2234 |
| 651 #0 - PUNTO DE ACCESO ADICIONAL DE MATERIA--NOMBRE GEOGRÁFICO |
| Nombre geográfico |
República Dominicana |
| Subdivisión general |
Política y gobierno |
| 9 (RLIN) |
45 |
| 700 1# - PUNTO DE ACCESO ADICIONAL--NOMBRE DE PERSONA |
| Nombre de persona |
Lozano, Wilfredo |
| Fechas asociadas al nombre |
1950- |
| Término indicativo de función/relación |
edición |
| 9 (RLIN) |
7126 |
| 700 1# - PUNTO DE ACCESO ADICIONAL--NOMBRE DE PERSONA |
| Nombre de persona |
Bueno, Rosa Ines, |
| Término indicativo de función/relación |
traducción |
| 9 (RLIN) |
293 |
| 700 1# - PUNTO DE ACCESO ADICIONAL--NOMBRE DE PERSONA |
| Nombre de persona |
Piña, Leyla Margarita, |
| Término indicativo de función/relación |
traducción |
| 9 (RLIN) |
64656 |
| 710 2# - PUNTO DE ACCESO ADICIONAL--NOMBRE DE ENTIDAD CORPORATIVA |
| Nombre de entidad corporativa o nombre de jurisdicción como elemento de entrada |
FLACSO (Organización). |
| Unidad subordinada |
Programa República Dominicana |
| 9 (RLIN) |
71393 |
| 910 ## - DATOS DE OPCIÓN DEL USUARIO (OCLC) |
| Datos de opción del usuario |
Validado. Control de calidad. EMS |
| 942 ## - ELEMENTOS DE PUNTO DE ACCESO ADICIONAL (KOHA) |
| Fuente del sistema de clasificación o colocación |
Dewey Decimal Classification |
| Tipo de ítem Koha |
Libro |